<?xml version="1.0" encoding="UTF-8"?>
<marc:record xmlns:marc="http://www.loc.gov/MARC21/slim">
   <marc:leader>00000nam a2200000 a 4500</marc:leader>
   <marc:datafield ind1="1" ind2=" " tag="100">
      <marc:subfield code="a">Anschober, Rudi</marc:subfield>
      <marc:subfield code="4">aut</marc:subfield>
      <marc:subfield code="e">Verfasser/-in</marc:subfield>
   </marc:datafield>
   <marc:datafield ind1="0" ind2="0" tag="245">
      <marc:subfield code="a">Ermutigung</marc:subfield>
   </marc:datafield>
   <marc:datafield ind1="0" ind2="0" tag="245">
      <marc:subfield code="b">Erfolgsgeschichten für eine bessere Welt</marc:subfield>
   </marc:datafield>
   <marc:datafield ind1=" " ind2="1" tag="264">
      <marc:subfield code="b">Carl Ueberreuter Verlag</marc:subfield>
      <marc:subfield code="c">2026</marc:subfield>
   </marc:datafield>
   <marc:datafield ind1="1" ind2=" " tag="520">
      <marc:subfield code="a">Unser Engagement ist nicht umsonst - wir sind stärker, als wir glauben. Rudi Anschober führt die Leserinnen und Leser in faszinierende Städte und Orte, in denen wunderbare Veränderungen zum Positiven bereits gelingen. Was in Paris, Turku, Kopenhagen, Uruguay, Kenia, Wien und zum Teil sogar in China möglich ist, kann morgen überall Wirklichkeit werden. Rudi Anschober holt die Pioniere vor den Vorhang, zeigt mit vielen Fakten, was es dafür braucht und wie Europa dabei zum Gegenpol zu der von US-Präsident Trump angeführten »Reaktionären Phase« werden kann. Dieses Buch schafft realistische Hoffnung, nichts ist derzeit dringender!</marc:subfield>
   </marc:datafield>
   <marc:datafield ind1=" " ind2=" " tag="020">
      <marc:subfield code="a">9783800078424</marc:subfield>
      <marc:subfield code="9">9783800078424</marc:subfield>
   </marc:datafield>
</marc:record>
